000 00775nam a2200205Ii 4500
003 JO-AjNU
008 230605s9999||||xx |||||||||||||| ||und||
017 _a1998/11/1878
040 _aJO-AjNU
_bara
_erda
_cJO-AjNU
041 _aara
050 1 4 _aHF5415.13.A42 1998
100 3 _aتأليف العلاق، بشير، م.مشارك قحطان العبدلي,
_eauthor
_957263
245 0 0 _aادارة التسويق=Marketing Mnagement
264 3 1 _aعمان: دار زهران للنشر والتوزيع، 1998
300 _a404ص
_bبحتوي على ببلوغرافية من ص 401-404ص
336 _atext
_btxt
_2rdacontent
337 _aunmediated
_bn
_2rdamedia
338 _avolume
_bnc
_2rdacarrier
650 4 _aالتسويق- ادارة التسويق
_957264
999 _aA25649
_c29217
_d29217